Ideology and U.S. foreign policy / (Record no. 19358)
[ view plain ]
| 000 -LEADER | |
|---|---|
| fixed length control field | 00970cam a2200289 a 4500 |
| 001 - CONTROL NUMBER | |
| control field | 15514296 |
| 005 - DATE AND TIME OF LATEST TRANSACTION | |
| control field | 20150514131410.0 |
| 008 - FIXED-LENGTH DATA ELEMENTS--GENERAL INFORMATION | |
| fixed length control field | 081107t2009 ctuco frb 001 0 eng d |
| 020 ## - INTERNATIONAL STANDARD BOOK NUMBER | |
| International Standard Book Number | 9780300139259 (pbk. : alk. paper) |
| 040 ## - CATALOGING SOURCE | |
| Original cataloging agency | DLC |
| Transcribing agency | DLC |
| Modifying agency | EG-ScBUE |
| 043 ## - GEOGRAPHIC AREA CODE | |
| Geographic area code | n-us--- |
| 082 04 - DEWEY DECIMAL CLASSIFICATION NUMBER | |
| Edition number | 22 |
| Classification number | 327.73 |
| Item number | HUN |
| 100 1# - MAIN ENTRY--PERSONAL NAME | |
| Personal name | Hunt, Michael H. |
| 9 (RLIN) | 38024 |
| 245 10 - TITLE STATEMENT | |
| Title | Ideology and U.S. foreign policy / |
| Statement of responsibility, etc | Michael H. Hunt. |
| 260 ## - PUBLICATION, DISTRIBUTION, ETC. (IMPRINT) | |
| Place of publication, distribution, etc | New Haven ; |
| -- | London : |
| Name of publisher, distributor, etc | Yale University Press, |
| Date of publication, distribution, etc | c.2009. |
| 300 ## - PHYSICAL DESCRIPTION | |
| Extent | xiv, 261 p. : |
| Other physical details | photographs, portraits ; |
| Dimensions | 24 cm. |
| 500 ## - GENERAL NOTE | |
| General note | "With a new afterword by the author." |
| 500 ## - GENERAL NOTE | |
| General note | Originally published : 1987. |
| 500 ## - GENERAL NOTE | |
| General note | Index : p. 255-261. |
| 504 ## - BIBLIOGRAPHY, ETC. NOTE | |
| Bibliography, etc | Bibliography : p. 233-254. |
| 650 ## - SUBJECT ADDED ENTRY--TOPICAL TERM | |
| Source of heading or term | BUEsh |
| 651 #7 - SUBJECT ADDED ENTRY--GEOGRAPHIC NAME | |
| Geographic name | United States |
| General subdivision | Foreign relations |
| -- | Philosophy. |
| Source of heading or term | BUEsh |
| 9 (RLIN) | 12805 |
| 651 #0 - SUBJECT ADDED ENTRY--GEOGRAPHIC NAME | |
| Geographic name | United States |
| General subdivision | Foreign relations. |
| Source of heading or term | BUEsh |
| 9 (RLIN) | 9664 |
| 653 ## - INDEX TERM--UNCONTROLLED | |
| Resource For college | BAEPS, Political Science |
| Arrived date list | May2015 |
| 655 ## - INDEX TERM--GENRE/FORM | |
| Form subdivision | |
| -- | 34232 |
| 942 ## - ADDED ENTRY ELEMENTS (KOHA) | |
| Source of classification or shelving scheme | Dewey Decimal Classification |
| Withdrawn status | Item status | Source of classification or shelving scheme | Damaged status | Not for loan | Vendor | Home library | Current library | Shelving location | Date acquired | Source of acquisition | Cost, normal purchase price | Total Checkouts | Full call number | Barcode | Date last seen | Cost, replacement price | Koha item type |
|---|---|---|---|---|---|---|---|---|---|---|---|---|---|---|---|---|---|
| Dewey Decimal Classification | Baccah | Central Library | Central Library | First floor | 14/05/2015 | 140.00 | 327.73 HUN | 000038229 | 15/07/2025 | 175.00 | Book - Borrowing |